000 00337nam a2200133Ia 4500
005 20251222140034.0
008 251222s1900||||xx |||||||||||||| ||spa||
020 _a9788495269515
082 _a273.8/F12
245 0 _aEcclesia Semper Reformanda:
250 _a1ra. ed.
264 _bFacultad de TeologĂ­a San Vicente Ferrer
942 _cLIB
999 _c3050
_d3050